Responses for Show #1912 - Tuesday, December 22, 1992

Contestants

[<< previous game]

Laurie Breen, a grants writer from Margate, New Jersey

Michael Grider, a gold- and silversmith from Chicago, Illinois

Victoria Bassetti, a law student from New Orleans, Louisiana (whose 1-day cash winnings total $9,199)

[next game >>]

Jeopardy! Round responses

THE CAPITOL BUILDING
LEGAL LINGO
CELEBRITY RELATIVES
FOOD FACTS
SCIENCE
POTPOURRI
    $100 1
Washington

Victoria
    $100 10
a jury

Victoria
    $100 5
The Judds

Laurie
    $100 16
a roll

Victoria
    $100 21
water

Laurie
    $100 22
a gaucho

Victoria
    $200 2
the White House

Victoria
    $200 11
malfeasance (or malpractice)

Victoria
    $200 6
Shirley

Victoria
    $200 17
cornmeal

Laurie
    $200 27
white

Michael
    $200 23
the Magna Carta

Laurie
    $300 3
the War of 1812

Victoria
    $300 12
overrule

Victoria
    $300 7
Great Britain

Victoria
    $300 18
pesto

Victoria
    $300 28
B

Michael
    $300 24
Thor Heyerdahl

Victoria
    $400 4
the rotunda

Laurie
    $400 13
venue

Victoria
    $400 8
Robby Benson

Triple Stumper
    $400 19
sauerbraten

Victoria
    $400 29
a membrane

Victoria
    $400 25
a trumpet

Michael
    $500 15
(Michael: What is copper?)

iron

VictoriaMichael
    $500 14
(Laurie: What is nolo condere?)

nolo contendere

VictoriaLaurie
    $500 9
(Laurie: Who was Debbie Reynolds?)

Connie Stevens

Laurie
Triple Stumper
    $500 20
dessert

Victoria
    $700 30
Milk

Victoria
    $500 26
(1 of) Seminole, Cherokee, Chickasaw, Choctaw, Creek

Victoria

Scores at the first commercial break (after clue 15):

Victoria Michael Laurie
$3,100 -$500 -$500

Scores at the end of the Jeopardy! Round:

Victoria Michael Laurie
$6,400 $400 $0

Double Jeopardy! Round responses

SCANDINAVIAN CITIES
MATH HISTORY
ANAGRAMS
HISTORIC NICKNAMES
PAPER
POE-POURRI
    $200 21
Copenhagen

Michael
    $200 26
(Laurie: What is a decimal point?)

pi

MichaelLaurie
    $200 6
breath

Michael
    $200 1
John Hancock

Michael
    $200 11
(Michael: What are [*]s?)

pulp

Michael
    $200 20
(Laurie: What is "Quoth the raven, [*]?")

Nevermore

Laurie
    $400 25
Stockholm

Laurie
    $400 30
a slide rule

Michael
    $400 7
a dagger

Michael
    $400 3
Buffalo Bill

Victoria
    $400 12
(Victoria: What are termites?)
(Michael: What are paper [*]?)

wasps

VictoriaMichael
    $400 19
"The Fall of the House of Usher"

Michael
    $600 24
Sonja Henie

Laurie
    $600 29
the Earth

Michael
    $600 8
melons

Triple Stumper
    $600 4
(Victoria: What is the Swedish [*]?)

Nightingale

Victoria
    $600 13
a glossy

Michael
    $600 18
"The Bells"

Michael
    $800 23
the Jutland peninsula

Triple Stumper
    $800 28
conic sections

Triple Stumper
    $800 9
a lager

Laurie
    $800 5
Gilbert Stuart

Michael
    $2,200 14
(Michael: What are Canada and Russia?)
(Alex: Oh, you should have come home to [**] or headed to the Far East for [***].)

(2 of) Canada, the United States, or Japan

Michael
    $800 17
"The Masque of the Red Death"

Triple Stumper
    $1000 22
(Michael: What is Oslo?)

Lillehammer

Michael
Triple Stumper
    $1000 27
(Michael: What is Boolean [*]?)

algebra

Michael
    $1000 10
(Michael: What is a cravat?)

an ascot

Michael
Triple Stumper
    $1000 2
Samuel Tilden

Laurie
    $1000 15
the inner bark

Triple Stumper
    $1,000 16
Baltimore

Michael

Scores at the end of the Double Jeopardy! Round:

Victoria Michael Laurie
$7,000 $3,400 $2,800
(lock game)

[wagering suggestions for these scores]

Final Jeopardy! Round responses

THE OLYMPICS
(Alex: It was a bronze medal. Who won it?)
LaurieWho was Kersee?
$2,000
MichaelWho is Joiner?
$2,300
VictoriaWho was Debbie Thomas?
$100
Debi Thomas

Final scores:

Victoria Michael Laurie
$7,100 $1,100 $800
2-day champion: $16,299 2nd place: Magnavox camcorder + Service Merchandise gift certificate 3rd place: Krieger watch

Game dynamics:

Coryat scores:

Victoria Michael Laurie
$6,800 $5,600 $2,800
22 R
(including 1 DD),
1 W
18 R
(including 1 DD),
4 W
(including 1 DD)
10 R,
3 W

Combined Coryat: $15,200

[game clues] [game scores] [suggest correction]

Game tape date: 1992-09-14
The J! Archive is created by fans, for fans. Scraping, republication, monetization, and malicious use prohibited; this site may use cookies and collect identifying information. See terms. The Jeopardy! game show and all elements thereof, including but not limited to copyright and trademark thereto, are the property of Jeopardy Productions, Inc. and are protected under law. This website is not affiliated with, sponsored by, or operated by Jeopardy Productions, Inc. Join the discussion at JBoard.tv.